Statistiques concernant Saurez-vous retrouver la bonne plante/fleur ?

Cliquez ici pour prendre le quiz!

Statistiques générales

  • Ce quiz a été pris 131 fois
  • Le résultat moyen est 8 sur 10

Statistiques - réponses

QuestionRéponse% Correct
Quelles fleur est une jonquille ?
94%
Quel arbre est un chêne ?
90%
Quelle plante aromatique est du basilic ?
90%
Quelle fleur est un dahlia ?
84%
Quelle fleur est un iris ?
83%
Quelle fleur est un hortensia?
77%
Quelle plante est une Edelweiss ?
74%
Quel arbre est un séquoia ?
74%
Quelle plante est un figuier de barbarie ?
60%
Quelle plante est du fenouil ?
55%

Distribution des résultats

Percentile par nombre de réponses

% des personnes avec chaque résultat

Votre développement - résultats

Vous n’avez pas pris ce quiz